| 000 | 00927nam a22002297a 4500 | ||
|---|---|---|---|
| 003 | OSt | ||
| 005 | 20160816020004.0 | ||
| 008 | 150427b xxu||||| |||| 00| 0 eng d | ||
| 020 | _a9966222707 | ||
| 040 |
_aDLC _cDLC _dDLC |
||
| 050 |
_aP 118.25 _b.G38 2005 |
||
| 100 |
_937021 _aGathumbi, Agnes W. |
||
| 245 |
_aPrinciples and techniques in language teaching : _ba text for teacher educators, teachers, and Pre-service teachers _cAgnes W. Gathumbi and Ssebbunga C. Masembe. |
||
| 260 |
_aNairobi, Kenya ; _bJomo Kenyatta Foundation, _c2005. |
||
| 300 | _axii, 207 p.; | ||
| 504 | _aIncludes bibliography and index. | ||
| 650 |
_aEffective teaching _zKenya _xhandbooks, manuals, etc. _937023 |
||
| 650 |
_aLanguage teachers _zKenya _xHandbooks, manuals, etc. _937024 |
||
| 650 |
_aLanguage transfer (language learning) _zKenya _xHandbooks, manuals, etc. _937025 |
||
| 700 |
_937022 _aMasembe, Ssebbunga C. |
||
| 942 |
_2lcc _cBK _02 |
||
| 999 |
_c61649 _d61623 |
||